000 00445nam a22001817a 4500
003 MPLRDC
005 20220104123625.0
008 210129b ||||| |||| 00| 0 eng d
020 _a962-231-798-7
082 _a684.1 HBQ
100 _a韩伯泉、陈三株著
245 _a广东地方神祗
_c
250 _a初版
260 _a
_b中华书局
_c1992
300 _b
650 _a中国名胜古迹--寺庙
942 _cBK
_o684.1 HBQ
999 _c12876
_d12866